[Event "Club Championships B Grade"]
[Site "Wellington Chess Club"]
[Date "2020.11.12"]
[Round "7.11"]
[White "Langford, Josh"]
[Black "Lanaquera, Abraham"]
[Result "1-0"]
[WhiteElo "1413"]
[BlackElo "1500"]

1. e4 e5 2. Nf3 Nf6 3. Nxe5 Nxe4 4. Qe2 d5 5. d3 Nd6 6. Nc6+ Qe7 7. Nxe7 Bxe7
8. Bf4 O-O 9. Qxe7 Re8 10. Bxd6 Bd7 11. Qxe8+ Bxe8 12. Bxc7 Na6 13. Bg3 Nb4 14.
Na3 f6 15. c3 Nc6 16. d4 Bg6 17. O-O-O Ne7 18. Bd3 f5 19. Rhe1 Kf7 20. Re5 a6
21. Rde1 Nc6 22. Rxd5 Kg8 23. Bxf5 Bf7 24. Be6 Ne7 25. Bxf7+ Kxf7 26. Rd7 Re8
27. Bd6 Kf6 28. Rexe7 Rf8 29. Rf7+ Rxf7 30. Rxf7+ Kxf7 31. d5 Ke8 32. Bg3 Kd7
33. d6 g6 34. Kd2 b6 35. Kd3 h6 36. Kd4 h5 37. Nc4 b5 38. Nb6+ Kd8 39. Bh4+ Ke8
40. d7+ Kf7 41. d8=Q Kg7 42. Bf6+ Kf7 43. Qe7+ Kg8 44. Qg7# 1-0

[Event "Club Championships B Grade"]
[Site "Wellington Chess Club"]
[Date "2020.11.12"]
[Round "7.12"]
[White "Hall, Nathan"]
[Black "Cooke, Xandi"]
[Result "1-0"]
[WhiteElo "1871"]
[BlackElo "1444"]

1. d4 d5 2. Bf4 Nc6 3. Nf3 Nf6 4. e3 Bf5 5. c3 e6 6. Qb3 Rb8 7. Nbd2 Bd6 8. Ne5
Ne4 9. Ndf3 f6 10. Nd3 Ne7 11. Be2 Ng6 12. Bxd6 Qxd6 13. c4 c5 { Offered Draw }
14. Qb5+ Kf7 15. dxc5 Qc7 16. Rc1 Rhc8 17. cxd5 exd5 18. O-O Qc6 19. Nd4 Qxb5
20. Nxb5 a6 21. Nd4 Be6 22. Rfd1 Rc7 23. b4 Rbc8 24. f3 f5 25. Nxe6 Kxe6 26.
fxe4 fxe4 27. Bg4+ 1-0

[Event "Club Championships B Grade"]
[Site "Wellington Chess Club"]
[Date "2020.11.12"]
[Round "7.15"]
[White "Yu, Johnson"]
[Black "Laking, Julian"]
[Result "0-1"]
[WhiteElo "1193"]
[BlackElo "1500"]

1. e4 e5 2. Nf3 Nc6 3. Bc4 Nf6 4. Nc3 Bc5 5. h3 O-O 6. O-O d6 7. a3 Nd4 8. Ne1
c6 9. Kh1 d5 10. exd5 cxd5 11. Ba2 Be6 12. Nd3 Bd6 13. Ne2 Nf5 14. f3 Qc7 15.
c3 e4 16. fxe4 Nxe4 17. Rf3 Nh4 18. Rf1 Qd7 19. Ndf4 Bxf4 20. Rxf4 Bxh3 21. Kh2
g5 22. Rxh4 gxh4 23. gxh3 Qd6+ 24. Kg2 Qg6+ 25. Kh2 Qd6+ 26. Kg2 Kh8 27. Kf3
Ng5+ 28. Ke3 Qe5+ 29. Kf2 Qh2+ 30. Ke3 Qxh3+ 31. Kd4 Qg4+ 32. Kd3 Qe4# 0-1

[Event "Club Championships B Grade"]
[Site "Wellington Chess Club"]
[Date "2020.11.12"]
[Round "7.16"]
[White "Darr, Samuel"]
[Black "Rudykh, Dmitry"]
[Result "1-0"]
[WhiteElo "1652"]
[BlackElo "1500"]

1. e4 e5 2. Nf3 Nc6 3. Bc4 Bc5 4. d3 d6 5. h3 h6 6. Be3 Bb4+ 7. c3 Ba5 8. d4
Nf6 9. Nbd2 a6 10. O-O b5 11. Bd3 O-O 12. b4 Bb6 13. a4 Nh5 14. axb5 Nb8 15.
Nc4 Bb7 16. Nxb6 cxb6 17. dxe5 dxe5 18. Nxe5 Nf6 19. Nc4 Nbd7 20. Nd6 Ra7 21.
Nxb7 Rxb7 22. bxa6 Ra7 23. Bb5 Re8 24. f3 Qc7 25. c4 Rd8 26. Qc2 Ne8 27. Rad1
Nd6 28. Bf4 Nb8 29. c5 Nxa6 30. Bxd6 Qc8 31. Bxa6 Rxa6 32. b5 Ra5 33. Qc4 Ra7
34. c6 Re8 35. Ra1 Ra8 36. c7 Qd7 37. Qd5 Rac8 38. Rfd1 Rxc7 39. Bxc7 Qxc7 40.
Qc6 Rc8 41. Qxc7 Rxc7 42. Ra8+ Kh7 43. Rb8 f6 44. Rxb6 Rc8 45. Rc6 Rb8 46. b6
Kg8 47. Rb1 Kf7 48. b7 Ke7 49. Rc8 Rxb7 50. Rxb7+ Ke6 51. f4 f5 52. Rc6# 1-0

[Event "Club Championships B Grade"]
[Site "Wellington Chess Club"]
[Date "2020.11.12"]
[Round "7.17"]
[White "Wang, Cheng Qi(Max)"]
[Black "Asher, Bruce"]
[Result "1-0"]
[WhiteElo "1500"]
[BlackElo "1187"]

1. e4 c5 2. Nf3 Nc6 3. d4 Nf6 4. Nc3 e6 5. d5 Nd4 6. Nxd4 cxd4 7. Qxd4 Qc7 8.
Bd3 Bc5 9. Qc4 O-O 10. O-O Ng4 11. g3 Qb6 12. Nd1 e5 13. Qb5 Qc7 14. Bd2 d6 15.
Bb4 Bd7 16. Qc4 Qb6 17. Bxc5 dxc5 18. Re1 Rac8 19. Ne3 Bb5 20. Qc3 Nxe3 21.
Rxe3 c4 22. Be2 f6 23. Bg4 Rc7 24. Qb4 a5 25. Be6+ Rff7 26. Bxf7+ Kxf7 27. Qc3
Rc5 28. Qd2 a4 29. b3 Rc7 30. Rd1 Rd7 31. Kg2 g5 32. h3 Qd8 33. Rc3 a3 34. bxc4
Kg6 35. cxb5 Qf8 36. b6 Qh6 37. Rc7 Rd8 38. d6 Qh5 39. d7 g4 40. hxg4 Qxg4 41.
f3 Qe6 42. g4 Qxb6 43. Rc8 Rxd7 44. Qxd7 Qa6 45. Rg8+ Kh6 46. Qg7# 1-0

[Event "Club Championships B Grade"]
[Site "Wellington Chess Club"]
[Date "2020.11.19"]
[Round "8.1"]
[White "Lyall, Gordon"]
[Black "Laking, Robert"]
[Result "0-1"]
[WhiteElo "1944"]
[BlackElo "1944"]

1. Nf3 d5 2. c4 d4 3. b4 c5 4. bxc5 Nc6 5. e3 e5 6. Qa4 Bd7 7. Qb3 Bxc5 8. Bb2
Nf6 9. Nxe5 dxe3 10. fxe3 Ne4 11. Nf3 O-O 12. Be2 Bg4 13. O-O Bxf3 14. Bxf3
Nxd2 15. Qc3 Nxf3+ 16. Rxf3 f6 17. Ba3 Bxa3 18. Nxa3 Rc8 19. Qb3 Ne5 20. Rg3
Rf7 21. Rd1 Rd7 22. Rf1 Qe7 23. h4 Rd3 24. Qa4 Rxa3 0-1

[Event "Club Championships B Grade"]
[Site "Wellington Chess Club"]
[Date "2020.11.19"]
[Round "8.2"]
[White "Loke, Kayden"]
[Black "Robinson, Max"]
[Result "0-1"]
[WhiteElo "1500"]
[BlackElo "1808"]

1. e4 c5 2. Nf3 Nc6 3. d4 cxd4 4. Nxd4 g6 5. Nxc6 bxc6 6. Bc4 Bg7 7. Nc3 e6 8.
Qd6 Qe7 9. Qxe7+ Nxe7 10. Bg5 d5 11. exd5 cxd5 12. Bb5+ Bd7 13. Bxd7+ Kxd7 14.
Bxe7 Kxe7 15. O-O Bxc3 16. bxc3 Rhc8 17. Rab1 Rxc3 18. Rb2 Rac8 19. Rb7+ R8c7
20. Rxc7+ Rxc7 21. Rc1 Kd6 22. Kf1 Kc5 23. c3 Rb7 24. Rc2 Kc4 25. Ke2 a5 26. g4
a4 27. g5 a3 28. f4 Rb8 29. Kd2 h5 30. h4 Rb1 31. Ke3 Rh1 32. Kf3 Rxh4 33. Kg3
Rh1 34. Kf3 Rh3+ 35. Kg2 Rxc3 36. Re2 Kd3 37. Re1 Rc2+ 38. Kf3 Rxa2 39. Rd1+
Rd2 40. Ra1 a2 41. f5 gxf5 42. Kf4 Kd4 43. Kf3 e5 44. Kg3 Kc3 45. Kh4 Kb2 46.
Rh1 a1=Q 47. Rxa1 Kxa1 48. Kxh5 0-1

[Event "Club Championships B Grade"]
[Site "Wellington Chess Club"]
[Date "2020.11.19"]
[Round "8.3"]
[White "He, Caleb"]
[Black "Wevers, Alexis"]
[Result "0-1"]
[WhiteElo "1862"]
[BlackElo "1830"]

1. c4 e5 2. g3 Nf6 3. Bg2 Bc5 4. e3 O-O 5. Ne2 d5 6. cxd5 Nxd5 7. a3 c6 8. O-O
Nf6 9. Qc2 Bb6 10. h3 Be6 11. Rd1 Qd7 12. Kh2 h5 13. Nbc3 h4 14. g4 Na6 15. d4
e4 16. Nxe4 Nxe4 17. Bxe4 f5 18. gxf5 Bxf5 19. Bxf5 Rxf5 20. f4 Nc7 21. Ng1
Raf8 22. Nf3 Nd5 23. Ne5 Qe6 24. e4 Rxe5 25. fxe5 Bxd4 26. exd5 Qxe5+ 27. Bf4
Rxf4 28. Kg2 Qg5+ 29. Kh1 Rf2 0-1

[Event "Club Championships B Grade"]
[Site "Wellington Chess Club"]
[Date "2020.11.19"]
[Round "8.4"]
[White "Van der Hoorn, Thomas"]
[Black "Symon, Christopher"]
[Result "1-0"]
[WhiteElo "1522"]
[BlackElo "1500"]

1. e4 c5 2. Nf3 Nc6 3. d4 cxd4 4. Nxd4 Nf6 5. Nc3 e5 6. Ndb5 d6 7. Bg5 a6 8.
Na3 Be7 9. Nc4 b5 10. Bxf6 gxf6 11. Ne3 Nd4 12. Ncd5 f5 13. c3 f4 14. cxd4 fxe3
15. Nxe3 exd4 16. Qxd4 Bf6 17. Qd2 Bb7 18. Nf5 d5 19. Rd1 Qd7 20. Ng3 O-O-O 21.
Rc1+ Kb8 22. Qf4+ Qd6 23. Qxd6+ Rxd6 24. exd5 Bxd5 25. b3 Re8+ 26. Ne2 a5 27.
h4 a4 28. Rh3 b4 29. Re3 Rxe3 30. fxe3 Bxh4+ 31. g3 Bf6 32. Rb1 Be4 33. Rc1 Bb2
34. Rc4 Bc3+ 35. Nxc3 bxc3 36. Rxc3 axb3 37. Rxb3+ Ka7 38. Bc4 f5 39. Ke2 Rh6
40. Bd3 Rh2+ 41. Ke1 Rh1+ 42. Kd2 Rh3 43. Bxe4 fxe4 44. Rb4 Rxg3 45. Rxe4 Rg2+
46. Kd3 Rxa2 47. Re7+ Kb8 48. Rxh7 Kc8 49. e4 Kd8 50. Ke3 Ra3+ 51. Kf4 Ra4 52.
Kf5 Ra5+ 53. e5 Ra1 54. Kf6 Rf1+ 55. Ke6 Rf8 56. Rd7+ Kc8 57. Kd6 Re8 58. Re7
Rd8+ 59. Kc6 Kb8 60. Rb7+ Kc8 61. Rc7+ Kb8 62. e6 Re8 63. e7 Ka8 64. Kd7 Rc8
65. Rxc8+ 1-0

[Event "Club Championships B Grade"]
[Site "Wellington Chess Club"]
[Date "2020.11.19"]
[Round "8.5"]
[White "Keay, Matt"]
[Black "Adair, Danny"]
[Result "0-1"]
[WhiteElo "1500"]
[BlackElo "1500"]

1. e4 c5 2. Nf3 Nc6 3. d4 cxd4 4. Nxd4 g6 5. c4 Bg7 6. Be3 Nf6 7. Nc3 O-O 8.
Be2 d6 9. O-O Bd7 10. Qd2 Rc8 11. Rac1 a6 12. Rfd1 Ne5 13. b3 Neg4 14. Bxg4
Nxg4 15. Bg5 h6 16. Bh4 g5 17. Bg3 Qa5 18. h3 Nf6 19. Nd5 Qd8 20. Ne3 Nxe4 21.
Qd3 Nxg3 22. fxg3 e6 23. Qe4 Qb6 24. Kh2 d5 25. Qd3 e5 26. Nxd5 Qxd4 27. Qxd4
exd4 28. Ne7+ Kh7 29. Nxc8 Rxc8 30. g4 f5 31. Re1 fxg4 32. Re7 Bc6 33. hxg4 Rf8
34. Rd1 Rf2 35. Rxd4 Rxa2 36. Rdd7 Bxd7 37. Rxd7 b5 38. cxb5 axb5 39. Rb7 b4
40. Rxb4 Be5+ 41. Kg1 Rb2 42. Rb7+ Kg8 43. b4 Bg3 44. Kf1 Rf2+ 45. Kg1 Re2 0-1

[Event "Club Championships B Grade"]
[Site "Wellington Chess Club"]
[Date "2020.11.19"]
[Round "8.6"]
[White "Dixon, Hamish"]
[Black "Chen, Wei Kai"]
[Result "1-0"]
[WhiteElo "1679"]
[BlackElo "1931"]

1. e4 e5 2. Nf3 Nc6 3. d4 exd4 4. Bc4 Nf6 5. Ng5 d5 6. exd5 Nxd5 7. O-O Be7 8.
Nxf7 Kxf7 9. Qf3+ Bf6 10. Bxd5+ Be6 11. Bxe6+ Kxe6 12. Re1+ Kf7 13. Qb3+ Kf8
14. Qxb7 Ne7 15. Bf4 Rb8 16. Qxa7 Rxb2 17. Bxc7 Qd5 18. Qa3 Qb7 19. Bd6 Rxc2
20. Qb3 Qe4 21. Nd2 Qf5 22. Ne4 Rc6 23. Qb4 1-0

[Event "Club Championships B Grade"]
[Site "Wellington Chess Club"]
[Date "2020.11.19"]
[Round "8.7"]
[White "Stracy, Don"]
[Black "Kibblewhite, Daniel"]
[Result "1-0"]
[WhiteElo "1696"]
[BlackElo "1640"]

1. e4 e6 2. d4 d5 3. Nd2 c5 4. c3 Nc6 5. Ngf3 b6 6. Bd3 Nf6 7. e5 Nd7 8. O-O
Bb7 9. Re1 Be7 10. Nf1 Qc7 11. Bg5 O-O-O 12. Bxe7 Nxe7 13. Ng3 h6 14. Rc1 g5
15. h3 Rdf8 16. c4 Kb8 17. cxd5 Bxd5 18. dxc5 Bxa2 19. cxb6 Qxb6 20. Bc4 Bxc4
21. Rxc4 Rd8 22. Ree4 Nxe5 23. Qxd8+ Qxd8 24. Nxe5 Rf8 25. Red4 Qa5 26. Nd7+
Kb7 27. Nxf8 Nc6 28. Rd6 Qe1+ 29. Nf1 Ne5 30. Rcd4 Qb1 31. Nd7 Nc6 32. Nc5+ Kb6
33. Na4+ Kc7 34. Rd7+ Kc8 35. Rd1 Qc2 36. Nc3 Qxb2 37. Ne4 Ne5 38. R7d2 Qb4 39.
Nd6+ Kb8 40. Rd4 Qb6 41. Nc4 Nxc4 42. Rxc4 a5 43. Rcc1 Ka7 44. Rb1 Qc7 45. Ne3
a4 46. Rdc1 Qf4 47. Rc4 1-0

[Event "Club Championships B Grade"]
[Site "Wellington Chess Club"]
[Date "2020.11.19"]
[Round "8.8"]
[White "Ashe, Michael"]
[Black "Carroll, Lewis"]
[Result "1-0"]
[WhiteElo "1748"]
[BlackElo "1681"]

1. d4 Nf6 2. c4 b6 3. f3 e6 4. e4 d6 5. Nc3 Bb7 6. Bg5 Be7 7. Bd3 Nh5 8. Bxe7
Qxe7 9. Nge2 Qh4+ 10. g3 Qh3 11. Qd2 O-O 12. Ng1 1-0

[Event "Club Championships B Grade"]
[Site "Wellington Chess Club"]
[Date "2020.11.19"]
[Round "8.9"]
[White "Marney, John"]
[Black "Hurndell, Robert"]
[Result "1-0"]
[WhiteElo "1660"]
[BlackElo "1623"]

1. e4 c5 2. Nf3 d6 3. d4 cxd4 4. Nxd4 Nf6 5. Nc3 g6 6. Be3 Bg7 7. f3 O-O 8. Qd2
Nc6 9. O-O-O Bd7 10. g4 Rc8 11. h4 h5 12. gxh5 Nxh5 13. Kb1 Ne5 14. Be2 Nc4 15.
Bxc4 Rxc4 16. Nde2 a5 17. Nd5 e6 18. Ndf4 Qf6 19. c3 Nxf4 20. Bxf4 d5 21. exd5
exd5 22. Nd4 b5 23. Bg5 Qb6 24. h5 gxh5 25. Ka1 b4 26. Ne2 bxc3 27. Nxc3 Rd4
28. Qc1 Rxd1 29. Rxd1 Rb8 30. Rxd5 Be6 31. Rb5 Qd8 32. Bxd8 1-0

[Event "Club Championships B Grade"]
[Site "Wellington Chess Club"]
[Date "2020.11.19"]
[Round "8.10"]
[White "Guthrie, Milo"]
[Black "Hall, Nathan"]
[Result "1-0"]
[WhiteElo "1500"]
[BlackElo "1871"]

1. d4 d5 2. Bf4 Nf6 3. e3 c5 4. c3 Nc6 5. Nf3 Qb6 6. Qb3 Bf5 7. dxc5 Qxb3 8.
axb3 Nh5 9. Bb5 f6 10. Nd4 Bd7 11. Bc7 Nxd4 12. Bxd7+ Kxd7 13. cxd4 Kxc7 14. g4
e5 15. gxh5 exd4 16. exd4 Re8+ 17. Kd2 a6 18. Nc3 Kc6 19. Rae1 Re7 20. Rxe7
Bxe7 21. Re1 Kd7 22. Nxd5 Bd8 23. Kd3 g6 24. h6 g5 25. f4 Rf8 26. f5 Rf7 27.
Re6 Rf8 28. Nb6+ Kc7 29. d5 Rf7 30. b4 Kb8 31. Re8 1-0

[Event "Club Championships B Grade"]
[Site "Wellington Chess Club"]
[Date "2020.11.19"]
[Round "8.11"]
[White "Laking, Julian"]
[Black "Webster, Jamie"]
[Result "1/2-1/2"]
[WhiteElo "1500"]
[BlackElo "1747"]

1. e4 e5 2. Nf3 Nc6 3. Nc3 Nf6 4. Bb5 Bc5 5. O-O O-O 6. Nxe5 Nxe5 7. d4 Bd6 8.
dxe5 Bxe5 9. Bg5 c6 10. Bc4 h6 11. Bh4 b5 12. Be2 Bb7 13. f4 Bxc3 14. bxc3 Qb6+
15. Bf2 Qc7 16. Bd3 Qxf4 17. Bc5 Qh4 18. Bxf8 Rxf8 19. g3 Qg5 20. Qe2 Qc5+ 21.
Qf2 Qxc3 22. Qxa7 Ng4 23. h3 Qe5 { Draw agreed} 1/2-1/2

[Event "Club Championships B Grade"]
[Site "Wellington Chess Club"]
[Date "2020.11.19"]
[Round "8.12"]
[White "Farrington, Lawrence"]
[Black "Osborne, Geoff"]
[Result "1-0"]
[WhiteElo "1639"]
[BlackElo "1287"]

1. e4 d6 2. d4 Nf6 3. Nc3 g6 4. Bg5 Bg7 5. Bc4 O-O 6. Bb3 c5 7. dxc5 Qa5 8. Bd2
Qxc5 9. Qe2 Nc6 10. Nf3 Ne5 11. h3 Nxf3+ 12. Qxf3 b6 13. O-O Ba6 14. Rfe1 Rac8
15. Nd1 Bc4 16. Bxc4 Qxc4 17. c3 Nd7 18. Qe2 Qc6 19. f3 Ne5 20. Ne3 e6 21. Red1
Qc5 22. Kh1 b5 23. Be1 Rfd8 24. Bf2 Qc6 25. Rac1 Qb7 26. a3 Nc4 27. Nxc4 Rxc4
28. Rd3 a5 29. Rcd1 Qc7 30. Bg3 e5 31. Bh4 Rd7 32. Rd5 Rc5 33. Bf2 Rxd5 34.
Rxd5 b4 35. axb4 axb4 36. Be1 bxc3 37. Bxc3 Qb8 38. Qd1 f6 39. Qd2 Qb6 40. Qe2
Bh6 41. Rb5 Qa7 42. Ra5 Qb7 43. Qc4+ Kg7 44. Kh2 Bf4+ 45. g3 Be3 46. Rd5 {Black
ran out of time} 1-0

[Event "Club Championships B Grade"]
[Site "Wellington Chess Club"]
[Date "2020.11.19"]
[Round "8.13"]
[White "Lanaquera, Abraham"]
[Black "Rudykh, Richard"]
[Result "1-0"]
[WhiteElo "1500"]
[BlackElo "1500"]

1. e4 e5 2. Nf3 Nc6 3. Bc4 Nf6 4. Ng5 Qe7 5. Bxf7+ Kd8 6. Bc4 Na5 7. Nf7+ Ke8
8. Nxh8 Nxc4 9. d3 Nd6 10. Bg5 Nf7 11. Nxf7 Qxf7 12. Bxf6 Qxf6 13. Nc3 Bc5 14.
Qe2 c6 15. Rf1 d6 16. Qh5+ Qg6 17. Qxg6+ hxg6 18. O-O-O Bg4 19. f3 Be6 20. b3
Be3+ 21. Kb2 d5 22. exd5 cxd5 23. Nb5 Kd8 24. c3 a6 25. Rfe1 Bf4 26. Na3 Bxh2
27. Rh1 Bg3 28. Rh8+ Kc7 29. Rxa8 Bf2 30. g4 d4 31. c4 Kb6 32. b4 Kc6 33. Nc2
Be3 34. Nxe3 dxe3 35. Re1 b5 36. Rxa6+ Kd7 37. Rxe6 Kxe6 38. Rxe3 bxc4 39. dxc4
Kd6 40. a4 g5 41. a5 Kc7 42. Rxe5 Kb7 43. b5 Ka7 44. Rxg5 g6 45. Rxg6 Kb7 46.
Rg7+ Kb8 47. b6 Kc8 48. a6 Kd8 49. b7 1-0

[Event "Club Championships B Grade"]
[Site "Wellington Chess Club"]
[Date "2020.11.19"]
[Round "8.14"]
[White "Cooke, Xandi"]
[Black "Yu, Johnson"]
[Result "1/2-1/2"]
[WhiteElo "1444"]
[BlackElo "1193"]

1. d4 d5 2. c4 c6 3. Nf3 Bf5 $6 { Inaccuracy. e6 was best. }  (3... e6 4. e3 b6
5. Bd3 Nf6 6. Nbd2 Bb7 7. O-O Nbd7 8. b3) 4. Bf4 e6 5. Nc3 Bd6 6. e3 $6 {
Inaccuracy. Bxd6 was best. }  (6. Bxd6 Qxd6 7. Qb3 Qc7 8. Rc1 Qb6 9. e3 Nd7 10.
Be2 Qxb3) 6... Nf6 $2 { Mistake. Bxf4 was best. }  (6... Bxf4 7. exf4 dxc4 8.
Ne5 Nd7 9. Bxc4 Ne7 10. O-O O-O 11. Bb3) 7. Be2 $2 { Mistake. Ne5 was best. }
(7. Ne5 Bxe5 8. Bxe5 Nbd7 9. Bg3 O-O 10. Qb3 Qb6 11. Be2 dxc4) 7... Bc7 $6 {
Inaccuracy. Bxf4 was best. }  (7... Bxf4 8. exf4 dxc4 9. Bxc4 Qc7 10. Ne5 Nbd7
11. O-O O-O 12. Be2) 8. Qb3 b6 9. Ne5 O-O 10. Bd1 Ne4 11. Nxe4 Bxe4 12. f3 Bf5
13. Qa4 c5 14. Bc2 f6 15. Bxf5 exf5 16. Nd3 cxd4 17. exd4 { There seemed to be
a stronger move with } 17... Re8+ (17... Qe8+ 18. Qxe8 Rxe8+ 19. Kf2 dxc4 20.
Bxc7 cxd3 21. Rhe1) 18. Kf2 Bxf4 19. Nxf4 dxc4 20. Qxc4+ Kh8 21. Ne6 Qd7 22.
Nc7 Rc8 23. Rac1 Na6 24. Qxa6 Rxc7 25. Rxc7 Qxc7 26. Re1 { I still think that
taking h2 could be the wrong move as I like Re7 } 26... h5 (26... Qxh2 27. Re7
Qh4+ 28. Kf1 Qxd4 29. Rxa7 Rd8) 27. h3 h4 28. Kg1 Rd8 29. Qb5 Qd7 30. Qxd7 Rxd7
31. Re8+ $6 { Inaccuracy. Rd1 was best. }  (31. Rd1 Kg8 32. Kf2 Rc7 33. Rd2 Kf7
34. g3 hxg3+ 35. Kxg3 g5 36. h4 Ke6 37. Re2+ Kd6) 31... Kh7 32. Ra8 { Draw
agreed} 1/2-1/2

[Event "Club Championships B Grade"]
[Site "Wellington Chess Club"]
[Date "2020.11.19"]
[Round "8.15"]
[White "Rudykh, Dmitry"]
[Black "Wang, Cheng Qi(Max)"]
[Result "1-0"]
[WhiteElo "1500"]
[BlackElo "1500"]

1. e4 e6 2. a3 d5 3. e5 Nc6 4. Nf3 Bc5 5. b4 Bb6 6. Bb2 f6 7. d4 Bd7 8. a4 a5
9. b5 Na7 10. Be2 fxe5 11. dxe5 Ne7 12. Nd4 c6 13. c4 O-O 14. O-O Qc7 15. Ba3
Rfe8 16. c5 Bxc5 17. Bxc5 Qxe5 18. b6 Nac8 19. Nd2 Nf5 20. N2f3 Qe4 21. Re1
Nxd4 22. Nxd4 Qh4 23. Nf3 Qf6 24. Bd4 e5 25. Bc5 e4 26. Bd4 Qd6 27. Nd2 c5 28.
Be3 Nxb6 29. Bb5 Bxb5 30. axb5 d4 31. Bg5 h6 32. Bh4 g5 33. Bg3 Qd7 34. Rb1 a4
35. Nxe4 Qh7 36. Nf6+ Kg7 37. Nxh7 Rxe1+ 38. Qxe1 Kxh7 39. Qe7+ Kg6 40. Qe6+
Kg7 41. Qxb6 a3 42. Qxb7+ Kh8 43. Qxa8+ Kh7 44. Qxa3 c4 45. Qc5 c3 46. Qxd4 c2
47. Rc1 Kg8 48. Qd7 Kf8 49. Rxc2 Kg8 50. Rc8# 1-0

[Event "Club Championships B Grade"]
[Site "Wellington Chess Club"]
[Date "2020.11.26"]
[Round "9.1"]
[White "Laking, Robert"]
[Black "Dixon, Hamish"]
[Result "1-0"]
[WhiteElo "1944"]
[BlackElo "1679"]

1. d4 Nf6 2. c4 g6 3. Nc3 Bg7 4. e4 d6 5. h3 O-O 6. Be3 Nbd7 7. Nge2 b6 8. g4
Bb7 9. Ng3 h6 10. Qd2 Kh7 11. Bd3 e5 12. d5 Ng8 13. Nce2 Ba6 14. Rc1 Rb8 15. b4
b5 16. c5 dxc5 17. bxc5 Bc8 18. d6 a6 19. c6 Nb6 20. d7 Bxd7 21. cxd7 Qxd7 22.
Bc2 Qe7 23. Bb3 Rfc8 24. Bc5 Qf6 25. O-O Qh4 26. Kg2 Rd8 27. Qa5 h5 28. gxh5
gxh5 29. Bxf7 Nf6 30. Ng1 Nxe4 31. Nf3 Qf4 32. Nxe4 Qxe4 33. Bxh5 Bh6 34. Rce1
Rg8+ 35. Kh1 Qf5 36. Bg4 Rxg4 37. Qc3 Rc4 38. Qxe5 Qxh3+ 39. Nh2 Rg8 40. Rg1
Rg7 41. Bd4 Qd7 42. Rxg7+ Bxg7 43. Qh5+ Kg8 44. Re8+ 1-0

[Event "Club Championships B Grade"]
[Site "Wellington Chess Club"]
[Date "2020.11.26"]
[Round "9.2"]
[White "Robinson, Max"]
[Black "Adair, Danny"]
[Result "1-0"]
[WhiteElo "1808"]
[BlackElo "1500"]

1. e4 c5 2. Nf3 Nc6 3. d4 cxd4 4. Nxd4 g6 5. Nc3 Bg7 6. Be3 Nf6 7. Bc4 O-O 8.
Bb3 d6 9. f3 a6 10. Qd2 Na5 11. O-O-O Nxb3+ 12. Nxb3 b5 13. g4 b4 14. Nd5 Nxd5
15. exd5 a5 16. Bh6 e5 17. dxe6 Bxh6 18. exf7+ Rxf7 19. Qxh6 a4 20. Nd2 d5 21.
Rhe1 Bd7 22. Re5 Qc7 23. Re2 Rc8 24. Nb1 Qc4 25. Qd2 Bb5 26. Rf2 Qc5 27. Qe1
Re7 28. Qd2 Bd3 29. Rg2 Bxc2 30. Qxc2 Qe3+ 1-0

[Event "Club Championships B Grade"]
[Site "Wellington Chess Club"]
[Date "2020.11.26"]
[Round "9.3"]
[White "Van der Hoorn, Thomas"]
[Black "Osborne, Geoff"]
[Result "1-0"]
[WhiteElo "1522"]
[BlackElo "1287"]

1. e4 d6 2. d4 Nf6 3. Nc3 g6 4. Be3 Bg7 5. Qd2 a6 6. f3 b6 7. Nge2 c5 8. g4 h5
9. gxh5 Nxh5 10. O-O-O Nc6 11. dxc5 dxc5 12. Qxd8+ Nxd8 13. Nd5 Rb8 14. Nc7+
1-0

[Event "Club Championships B Grade"]
[Site "Wellington Chess Club"]
[Date "2020.11.26"]
[Round "9.4"]
[White "Loke, Kayden"]
[Black "Lyall, Gordon"]
[Result "1-0"]
[WhiteElo "1500"]
[BlackElo "1944"]

1. e4 c6 2. d4 d5 3. Nc3 dxe4 4. Nxe4 Nf6 5. Nxf6+ exf6 6. Nf3 Bg4 7. Be2 Bd6
8. O-O O-O 9. h3 Bh5 10. Nh4 Bxe2 11. Qxe2 g6 12. Re1 Nd7 13. Bh6 Re8 14. Qg4
Nf8 15. Nf5 Bc7 16. Ng7 Rxe1+ 17. Rxe1 Qd6 18. g3 Qd7 19. Qxd7 Nxd7 20. Re7 Rd8
21. Ne8 Bb8 22. Rxd7 Rxe8 23. Rxb7 g5 24. Kf1 a5 25. Rb6 Ba7 26. Rxc6 Bxd4 27.
c3 Be5 28. Ra6 Bc7 29. Rxf6 Bd8 30. Rf5 f6 31. f4 Kf7 32. fxg5 Kg6 33. g4 Be7
34. gxf6 Bxf6 35. Bd2 a4 36. Ra5 Re4 37. Ra6 Kf7 38. Ra7+ Kg6 39. Ra6 Kf7 40.
Ra7+ Kg6 41. Kf2 Bh4+ 42. Kf3 Rc4 43. Ra6+ Kf7 44. Ra7+ Kg6 45. Ra6+ Kg7 46.
Be3 Bf6 47. g5 Be5 48. Re6 Bh2 49. Bd4+ Kf7 50. Rh6 Kg8 51. h4 a3 52. b3 Rc8
53. h5 Rf8+ 54. Rf6 Re8 55. Ra6 1-0

[Event "Club Championships B Grade"]
[Site "Wellington Chess Club"]
[Date "2020.11.26"]
[Round "9.5"]
[White "He, Caleb"]
[Black "Brockway, Andrew"]
[Result "1/2-1/2"]
[WhiteElo "1862"]
[BlackElo "1803"]

1. c4 e5 2. g3 Nc6 3. Bg2 g6 4. e3 Bg7 5. Ne2 f5 6. O-O Nf6 7. d4 d6 8. Nbc3
O-O 9. b3 Bd7 10. Bb2 Qe8 11. Nd5 Nxd5 12. cxd5 Nd8 13. dxe5 dxe5 14. Rc1 c6
15. Qd2 Kh8 16. Rfd1 Qe7 17. dxc6 Bxc6 18. Bxc6 Nxc6 19. Qd7 Rf7 20. Qxe7 Rxe7
21. f3 Kg8 1/2-1/2

[Event "Club Championships B Grade"]
[Site "Wellington Chess Club"]
[Date "2020.11.26"]
[Round "9.6"]
[White "Marney, John"]
[Black "Ashe, Michael"]
[Result "1/2-1/2"]
[WhiteElo "1660"]
[BlackElo "1748"]

1. e4 c6 2. d4 d5 3. exd5 cxd5 4. c4 Nf6 5. Nc3 Nc6 6. Nf3 Bg4 7. c5 e5 8. dxe5
Nxe5 9. Qa4+ Bd7 10. Qd1 Bg4 11. Qa4+ Bd7 12. Qd1 1/2-1/2

[Event "Club Championships B Grade"]
[Site "Wellington Chess Club"]
[Date "2020.11.26"]
[Round "9.7"]
[White "Symon, Christopher"]
[Black "Lanaquera, Abraham"]
[Result "1-0"]
[WhiteElo "1500"]
[BlackElo "1500"]

1. Nf3 Nc6 2. c4 d6 3. Nc3 Nf6 4. g3 b6 5. Bg2 Bb7 6. O-O Qd7 7. d4 O-O-O 8. a3
e5 9. d5 Ne7 10. Qc2 g6 11. b4 Bg7 12. e4 h5 13. Ng5 Rdf8 14. Bh3 Ng4 15. f3
Bh6 16. fxg4 Bxg5 17. Bxg5 hxg4 18. Bxe7 gxh3 19. Bxf8 Rxf8 20. Rf6 Qg4 21. Qe2
Qg5 22. Raf1 Kb8 23. Rxf7 Rc8 24. Rf8 Qh6 25. Qf2 a6 26. c5 bxc5 27. bxc5 a5
28. cxd6 cxd6 29. Qb6 Qd2 30. Qxd6+ Ka7 31. Nb5+ 1-0

[Event "Club Championships B Grade"]
[Site "Wellington Chess Club"]
[Date "2020.11.26"]
[Round "9.8"]
[White "Carroll, Lewis"]
[Black "Farrington, Lawrence"]
[Result "1-0"]
[WhiteElo "1681"]
[BlackElo "1639"]

1. e4 e6 2. d4 d5 3. Bd3 dxe4 4. Bxe4 Nf6 5. Bd3 c5 6. Be3 cxd4 7. Bxd4 Nc6 8.
Bc3 Bc5 9. Nf3 O-O 10. Ng5 h6 11. h4 e5 12. Nd2 Bg4 13. f3 Bh5 14. Nge4 Nxe4
15. Nxe4 Bd4 16. Qe2 Re8 17. g4 Bg6 18. g5 h5 19. O-O-O a5 20. Bb5 Re7 21. Bxc6
bxc6 22. Qc4 Qd5 23. Qxd5 cxd5 24. Bxd4 dxe4 25. Bc5 Re6 26. fxe4 Bxe4 27. Rhe1
Bf3 28. Rd7 e4 29. Bd4 Raa6 30. Re3 Rad6 31. Rxd6 Rxd6 32. c3 Rd5 33. Kc2 Rf5
34. c4 Kf8 35. c5 Rd5 36. c6 Rd8 37. c7 Rc8 38. Be5 Ke7 39. Rb3 Bg4 40. Rb8 a4
41. Kc3 Kd7 42. b4 axb3 43. axb3 f6 44. Bf4 Kc6 45. gxf6 gxf6 46. b4 Kd7 47. b5
e3 48. b6 Kc6 49. Bxe3 Bd7 50. Kd4 Kd6 51. Ke4 Kc6 52. Bd4 f5+ 53. Kf4 Kd5 54.
Be5 Kc6 55. Kg5 f4 56. Bxf4 Bg4 57. Rxc8 Bxc8 58. Kxh5 Kd7 59. Kg6 Ba6 60. h5
Bd3+ 61. Kg7 Bf5 62. h6 1-0